000 00519nam a22001697a 4500
003 MACL
005 20160611151139.0
008 160611b xxu||||| |||| 00| 0 eng d
040 _cMACL
041 _aHindi
082 _a100
100 _aडॉ सम्‍पूर्णानन्‍द
_940314
245 _aयोगदर्शन
_cडॉ सम्‍पूर्णानन्‍द
260 _aलखनउ
_bहिन्‍दी समिति
650 _aPhilosophy
_964399
942 _2ddc
_cHIN
999 _c54284
_d54284